Propuesta de manual de funciones de puestos operativos de M&S Constructores

Propuesta de manual de funciones para los puestos operativos de la empresa M y S constructores, contiene diagnóstico del funcionamiento de la empresa M y S constructores y una guía de mantenimiento para el manual de funciones de puestos operativos.

Bibliographic Details
Main Authors: Herrera Molina, Benjamín, Flores Silva, Rufino Antonio
Other Authors: Tutor: Sánchez Solórzano, Oralia del Socorro
Format: Tesis Section = Libro
Language:Undetermined
Spanish
Published: Managua UNI 2010
Subjects:
LEADER 01050nam a2200253Ia 4500
008 240830s9999 xx 000 0 und d
040 |a BIBLIOTECA-RUPAP T.Mon 658.402 F634 
041 |a spa 
082 |a T.Mon 658.402 F634 
100 1 |a Herrera Molina, Benjamín 
100 1 |b Flores Silva, Rufino Antonio 
245 1 0 |a Propuesta de manual de funciones de puestos operativos de M&S Constructores 
260 |a Managua  |b UNI  |c 2010 
300 |a 224 p. :il. 
500 |a Contiene: anexos e Incluye: CD. 
502 |a Tesis (Ingeniero de Sistemas)- UNI, 2010. 
520 3 |a Propuesta de manual de funciones para los puestos operativos de la empresa M y S constructores, contiene diagnóstico del funcionamiento de la empresa M y S constructores y una guía de mantenimiento para el manual de funciones de puestos operativos. 
650 7 |a ORGANIZACIÓN INTERNA 
650 7 |b MANUAL DE FUNCIONES 
650 7 |c ESTRUCTURA OPERATIVA 
700 1 |a Tutor:  |b Sánchez Solórzano, Oralia del Socorro 
942 |c BK  |2 ddc 
991 |a TESIS 
999 |c 18605